1560 1686 1552 1881 1912 1139 1436 1883 1026 1492 1190 1434 1206 1252 1541 1063 1184 1946 1752 1723 1681 1184 1586 1147 1371 1420 1665 1772 1304 1670 1332 1948 1483 1252 1719 1899 1837 1517 1149 1035 1305 1082 1310 1841 1879 1461 1244 1727 1301 1962 1954 1419 1943 1213 1601 1612 1704 1876 1548 1629 1226 1637 1498 1197 1342 1818 1018 1085 1173 1052 1547 1681 1358 1264 1272 1332 1984 1970 1332 1279 1325 1970 1334 1305 1353 1283 1021 1151 1520 1286 1309 1291 1587 1774 1427 1593 1150 1096 1617 BCNSPRNW ULIB Ver.6.0+V

เปลี่ยนเป็นภาษาไทย

Change to English
 แสดงรายละเอียดบรรณานุกรม
  กลับหน้าหลัก

Brief Record : Get Marc (ISO 2709) : E-mail record : QR code < ปิดหน้าต่าง
LEADER : 00000nam 2200000uu 4500
001    13399125921
003     ULIB
008    171024s2560||||th 000 0 tha d
020    ^a9786169258711
060 04 ^aWS280^bP371
245 00 ^aPediatric critical care :^beveryday practice /^cบรรณาธิการ ดุสิต สถาวร...[และคนอื่น ๆ]
250    ^aพิมพ์ครั้งที่ 1
260    ^aกรุงเทพฯ :^bสมาคมโรคระบบหายใจและเวชบำบัดวิกฤตในเด็ก,^c2560
300    ^a261 หน้า :^bภาพประกอบ ;^c27 ซม.
504    ^aเอกสารอ้างอิงท้ายบท
504    ^aดัชนีท้ายเล่ม
650  2 ^aRespiratory Tract Diseases^xin infancy & childhood
650  4 ^aโรคระบบหายใจ
650  4 ^aทางเดินหายใจ, โรค
700 0  ^aดุสิต สถาวร,^eบรรณาธิการ
700    ^aเฉลิมไทย เอกศิลป์^eบรรณาธิการ
700    ^aรุจิภัตต์ สำราญสำรวจกิจ^eบรรณาธิการ
700    ^aกวีวรรณ ลิ้่มประยูร^eบรรณาธิการ
700    ^aณัฐชัย อนันตสิทธิ์^eบรรณาธิการ
710 2  ^aสมาคมโรคระบบหายใจและเวชบำบัดวิกฤตในเด็ก
945    ^p440^l0^i25661
945    ^p440^l0^i25662
945    ^p440^l0^i25836
945    ^p440^l0^i25837
999    ^aกัณชพร จุลอักษร
รายการนี้ยังไม่มีแท็ก
คุณยังไม่ได้ล็อกอิน คุณสามารถมีกิจกรรมร่วมกับเว็บไซต์ได้ แต่ต้องล็อกอินก่อน ::
  ล็อกอิน

รายการสื่อสารสนเทศ

ลำดับที่ ประเภท เลขเรียก/บาร์โค้ด สถานที่ สถานะ
1. หนังสือสำรอง
หนังสือสำรอง
WS280 P371 ฉ.1 
  Barcode: 25661
ห้องสมุดวิทยาเขตนครสวรรค์
►หนังสือทั่วไป:l:General Books
บนชั้น
2. วิทยาศาสตร์การแพทย์ และสุขภาพ
วิทยาศาสตร์การแพทย์ และสุขภาพ
WS280 P371 ฉ.2 
  Barcode: 25662
ห้องสมุดวิทยาเขตนครสวรรค์
►หนังสือทั่วไป:l:General Books
บนชั้น
3. วิทยาศาสตร์การแพทย์ และสุขภาพ
วิทยาศาสตร์การแพทย์ และสุขภาพ
WS280 P371 ฉ.3 
  Barcode: 25836
ห้องสมุดวิทยาเขตสวรรค์ประชารักษ์
►หนังสือทั่วไป
บนชั้น
4. วิทยาศาสตร์การแพทย์ และสุขภาพ
วิทยาศาสตร์การแพทย์ และสุขภาพ
WS280 P371 ฉ.4 
  Barcode: 25837
ห้องสมุดวิทยาเขตสวรรค์ประชารักษ์
►หนังสือทั่วไป
บนชั้น

รายการใกล้เคียง
    หัวเรื่อง [โรคระบบหายใจ]
    หัวเรื่อง [ทางเดินหายใจ, โรค]

BibComment


ยังไม่เคยถูกคอมเมนท์

คอมเมนท์ทรัพยากรรายการนี้
  คอมเมนท์: Pediatric critic..


 Copyright 2026. Bcnsprnw @Library